Numerical Investigation of Flow Across Three Side-by-side Co-Rotating Cylinders / (Record no. 607345)
[ view plain ]
| 000 -LEADER | |
|---|---|
| fixed length control field | 00785nam a22001697a 4500 |
| 003 - CONTROL NUMBER IDENTIFIER | |
| control field | NUST |
| 082 ## - DEWEY DECIMAL CLASSIFICATION NUMBER | |
| Classification number | 621 |
| 100 ## - MAIN ENTRY--PERSONAL NAME | |
| Personal name | Hamza Ali ,Muhammad |
| 245 ## - TITLE STATEMENT | |
| Title | Numerical Investigation of Flow Across Three Side-by-side Co-Rotating Cylinders / |
| Statement of responsibility, etc. | Muhammad Hamza Ali |
| 264 ## - PRODUCTION, PUBLICATION, DISTRIBUTION, MANUFACTURE, AND COPYRIGHT NOTICE | |
| Place of production, publication, distribution, manufacture | Islamabad : |
| Name of producer, publisher, distributor, manufacturer | SMME- NUST; |
| Date of production, publication, distribution, manufacture, or copyright notice | 2023. |
| 300 ## - PHYSICAL DESCRIPTION | |
| Other physical details | Soft Copy |
| Dimensions | 30cm. |
| 520 ## - SUMMARY, ETC. | |
| Summary, etc. | Flow across three side by side co rotating cylinders in numerically investigated at Rs= 100 for 0< a < 8 where Re is the Reynolds Number is defined as pU D/u and a is the non dimensional rotation rate defined as wD/U...... |
| 650 ## - SUBJECT ADDED ENTRY--TOPICAL TERM | |
| Topical term or geographic name entry element | MS Mechanical Engineering |
| 700 ## - ADDED ENTRY--PERSONAL NAME | |
| Personal name | Supervisor : Dr. Adnan Munir |
| 856 ## - ELECTRONIC LOCATION AND ACCESS | |
| Uniform Resource Identifier | <a href="http://10.250.8.41:8080/xmlui/handle/123456789/34265">http://10.250.8.41:8080/xmlui/handle/123456789/34265</a> |
| 942 ## - ADDED ENTRY ELEMENTS (KOHA) | |
| Source of classification or shelving scheme | |
| Koha item type | Thesis |
| Withdrawn status | Permanent Location | Current Location | Shelving location | Date acquired | Full call number | Barcode | Koha item type |
|---|---|---|---|---|---|---|---|
| School of Mechanical & Manufacturing Engineering (SMME) | School of Mechanical & Manufacturing Engineering (SMME) | E-Books | 12/13/2023 | 621 | SMME-TH-866 | Thesis |
